Quizzes
Events
Quiz Creation
Community
Videos
Private Events
Remove Ads
Sign In
Join for FREE
Feedback
Dark Mode
Quiz Categories
Sports
Geography
Music
Movies
Television
Just For Fun
Miscellaneous
History
Literature
Language
Science
Gaming
Entertainment
Religion
Holiday
For Kids
Quiz Lab
Recent
Popular Today
Quiz Kudos Today
Editor Picks
Curator Picks
Quizzes by...
Day
Popularity
Type
Ratings
Length
Year
Community
Subscriptions
Recent Discussions
Orange Saloon
Badges
Playlists
Quests
Create
Leaderboards
Showdown
Live 5
Trivia Bingo
Activity
Puzzle Library
Sporcle Events
Private Events
Virtual Trivia
Globe League
Become a Host
Pub Owners
SporcleCon
Opinionation
Our Games
Videos
Blog
Mobile Apps
Partnerships
Remove Ads and Go Orange
Feedback
Entertainment
Celebrity
Famous
Musical
Broadway
Show
Quote
Comic Books
Anime
Superhero
DC Comics
Marvel
Cartoons
Animation
Entertainment
Celebrity
Famous
Musical
Broadway
Show
Quote
Comic Books
Anime
Superhero
DC Comics
Marvel
Cartoons
Animation
Random Quiz
Search Sporcle
×
Quiz Lab
Quiz Lab
Entertainment
CSI
Type answers based on single images at one time
Type answers based on single images at one time
Slideshow
Best Score? Go Orange.
R.I.P :( John Heard Movies and TV Shows Stats
Can you name the movies that John Heard appeared in based on the photo?
By
ryryryryryryryry
4m
17 Questions
68 Plays
68 Plays
68 Plays
Comments
Comments
Give Quiz Kudos
Give Quiz Kudos
-
- Ratings
hide this ad
Replay
Link that replays current quiz
Next Quiz
Link to next quiz in quiz playlist
You Got
0%
They Got
Avg Score
14%
Avg Friend Score
Upgrade to see
Score Distribution
Jump to the score distribution portion of the page
Score
0/17
Timer
04:00
0
Plays Today
% Correct
Home Alone
91.2%
Home Alone Two: Lost in New York
77.9%
White Chicks
26.5%
The Sopranos
8.8%
Modern Family
7.4%
Elementary
7.4%
NCIS: Los Angeles
5.9%
Snake Eyes
4.4%
Awakenings
4.4%
% Correct
Would You Rather
2.9%
The Chicago Code
2.9%
Entourage
2.9%
The Client
2.9%
Scarlet Letter
1.5%
The Big Heist
0%
The Lizzie Borden Chronicles
0%
Beaches
0%
Quiz Playlist
Details
Report
Send in Message
Add To Playlist
Slideshow:
Type answers based on single images at one time
Last Updated: Aug 11, 2017
Quiz Scoreboard
CHALLENGE
Sign Up to Join the Scoreboard
Show All
Scores
Hide
Comments
May contain spoilers
Recently Published
Popular People in 1961
by mucciniale
History
6m
1-10 Letter E Words III
by El_Dandy
Language
2m
One Thing in Common: World Cities II
by knightlancer
Geography
7m
More to Explore
Quiz From the Vault
Featured Blog Post
Where Did the Easter Bunny Come From?
hide this ad
You Might Also Like...
Tags
CSI
CSI Miami
Home Alone
john
ncis
NCIS Characters
Today's Top Quizzes in Entertainment
Browse Entertainment
hide this ad
Today's Top Quizzes in CSI
Browse CSI
Top Contributed Quizzes in Entertainment
1
Kamen Rider Motifs
2
Dragon Ball Z: Goku's Fights in Order
3
Dragon Ball Z: Mega Character Search
4
One Piece Arcs By Order III
5
Survivor Winners Logic Quiz
6
Undead Unluck Minefield
7
Criteria Quickie: Cartoon Taxonomy II
8
Marvel Characters Bunker
9
Who Wants to Be a Millionaire: Anime Edition
10
Demon Slayer 11-1
Explore More
Trending Topics
Marvel
Harry Potter
NBA
Kpop
Anime
Disney
Crossword
Soccer
Song
WWE
Puzzle
The Office
Pokémon
Country
NFL
hide this ad
More By:
ryryryryryryryry
Quiz
Plays
Rating
Category
Featured
Created
Name the Celebrity
1,897
1.33
Entertainment
Jun 28, 2017
Name the MLB Player's Number
1,560
3.00
Sports
Jun 26, 2017
MLB All Star Game Roster 2017
619
3.00
Sports
Jul 11, 2017
iPhone
609
1.00
Just For Fun
Jul 19, 2017
NBA Arena by Picture
408
2.00
Sports
Aug 10, 2017
Go to Creator's Profile
Score Distribution
Quiz Creator Spotlight
ryryryryryryryry
Follow
Send a Message
Quizzes Created
-
Created Quiz Play Count
-
More By This Creator
Popular Quizzes Today
1
Find the US States - No Outlines Minefield
2
Find the Countries of Europe - No Outlines Minefield
3
The Countries of the World
4
Popular People in 1961
5
1-10 Letter E Words III
6
Find the US States
7
One Thing in Common: World Cities II
8
US States
More Entertainment Quizzes
📔 Name the Manga by the Cover Picture
Curator's Pick
Trending Quizzes
Risky Map Clicking: Least Populous States A-Z
1-10 Letter F Words
1-10 Letter G Words
One Thing in Common: United Kingdom
Risky Map Clicking: Biggest States A-Z
Recently Updated
Leaping Animals
pecheneg
Reality TV Shows (A-Z)
bhenderson79
Rickey Henderson's Hall of Fame Teammates
pecheneg
Champions League XIs: Arsenal
pecheneg
Quick Pick: Celebrities in WWE's Hall of Fame
aduchscher
A-Z Keypad Blitz II
pecheneg
Multiple Oscar Actors
pecheneg
Mystery Phrase Blitz: Oscar 'Best Actors'
pecheneg
F. Scott Fitzgerald Novels
LTH
Pick 3 Villains
ddd62291
Trending Topics
Harry Potter
NBA
Anime
Marvel
Kpop
Crossword
Disney
Puzzle
Pokémon
Soccer
WWE
The Office
Song
Country
NFL
Your Account Isn't Verified!
In order to create a playlist on Sporcle, you need to verify the email address you used during registration. Go to your
Sporcle Settings
to finish the process.
Report this User
Report this user for behavior that violates our
Community Guidelines
.
Details:
Send Report
Go to the Sporcle.com Mobile Site →
Comments